Last lines in films - Statistics

General Stats
  • This quiz has been taken 77 times
  • The average score is 5 of 20
Answer Stats
Last line Year Answer % Correct
"Louis, I think this is the beginning of a beautiful friendship." 1942 Casablanca
87%
"I hope I can make it across the border. I hope to see my friend and shake his hand. I hope the Pacific is as blue as it has been in my dreams. I hope." 1994 The Shawshank Redemption
67%
“Hammond. After careful consideration, I've decided not to endorse your park.” "So have I.” 1993 Jurassic Park
49%
"Let's go, but, inconspicuously, through the window. We'll use our Batropes. Our job is finished." 1966 Batman
42%
"All right, Mr. De Mille, I'm ready for my close-up." 1950 Sunset Boulevard
36%
""They say they're gonna repeal Prohibition. What will you do then?" "I think I'll have a drink.” 1987 The Untouchables
26%
"Tyrell had told me Rachael was special: no termination date. I didn't know how long we had together. Who does?" 1982 Blade Runner
25%
"Now we are free. I will see you again, but not yet. Not yet." 2000 Gladiator
22%
"Hang on a minute, lads, I've got a great idea…er...er." 1969 The Italian Job
20%
"Oh, what is it? What is it? Wow, a puppy!” “Hah!" 1995 Toy Story
20%
"Hey, Blond!... You know what you are? Just a dirty son-of-a-b-!" 1966 The Good, The Bad and The Ugly
17%
"Oh, good. For a moment there, I thought we were in trouble." 1969 Butch Cassidy and the Sundance Kid
14%
"Okay, folks, nothin' to worry about. Just a little illness. We'll be in Miami in just a few minutes." 1969 Midnight Cowboy
14%
"The decision rests with you. Gort! Berengo." 1951 The Day the Earth Stood Still
12%
"Mediocrities everywhere. I absolve you! I absolve you! I absolve you! I absolve you! I absolve you all!" 1984 Amadeus
10%
"Thank you for coming back to me." 1945 Brief Encounter
10%
"Madness. Madness." 1957 The Bridge On the River Kwai
10%
"And I really, really hoped I wouldn't die. I really, really hoped I wouldn't die." 2008 In Bruges
6%
"Give me a girl at an impressionable age and she is mine for life." 1969 The Prime of Miss Jean Brodie
3%
"Jones is my name. I'm in insurance." 1995 Twelve Monkeys
3%
No matching quizzes found
Score Distribution
Percent of People with Each Score
Percentile by Number Answered
Your Score History
You have not taken this quiz